[Event "POR-ch U16"]
[Site "Luso"]
[Date "2017.04.09"]
[Round "3"]
[White "Santos, Antonio Miguel Oliv"]
[Black "Ribeiro, Ana Beatriz GP"]
[Result "1-0"]
[WhiteElo "1772"]
[BlackElo "1411"]
[PlyCount "83"]
[EventDate "2017.04.08"]
[EventType "swiss"]
[EventRounds "7"]
[EventCountry "POR"]
[SourceTitle "EXT 2018"]
[Source "ChessBase"]
[SourceDate "2017.10.13"]
[SourceVersion "1"]
[SourceVersionDate "2017.10.13"]
[SourceQuality "1"]

1. Nf3 g6 2. g3 Nf6 3. Bg2 Bg7 4. 0-0 0-0 5. c4 c6 6. d4 d6 7. Nc3 Qc7 8. Bf4 Qd8 9. Rc1 Re8 10. e4 Bg4 11. h3 Bxf3 12. Bxf3 Nfd7 13. Re1 e5 14. Be3 Nf6 15. d5 Qc7 16. c5 dxc5 17. Bxc5 b6 18. Be3 c5 19. b4 Nbd7 20. Nb5 Qd8 21. Nd6 Rf8 22. bxc5 bxc5 23. Nb7 Qb6 24. Nxc5 Qa5 25. Nxd7 Nxd7 26. Qd2 Qd8 27. Rb1 f5 28. Rec1 Bf6 29. exf5 gxf5 30. Bh6 Re8 31. Bh5 Re7 32. d6 Re6 33. Qd5 Kh8 34. Qxe6 Bg5 35. Rc7 Nf8 36. Qxe5+ Bf6 37. Bg7+ Kg8 38. Bxf6 Ng6 39. Rg7+ Kf8 40. Be7+ Nxe7 41. dxe7+ Qxe7 42. Qxe7# 1-0

[Event "POR-ch U16"]
[Site "Luso"]
[Date "2016.07.21"]
[Round "2"]
[White "Almeida, Diogo Antonio"]
[Black "Santos, Antonio Miguel Oliv"]
[Result "0-1"]
[WhiteElo "1512"]
[BlackElo "1689"]
[PlyCount "78"]
[EventDate "2016.07.20"]
[EventType "swiss"]
[EventRounds "7"]
[EventCountry "POR"]
[SourceTitle "EXT 2018"]
[Source "ChessBase"]
[SourceDate "2017.10.13"]
[SourceVersion "1"]
[SourceVersionDate "2017.10.13"]
[SourceQuality "1"]

1. d4 c5 2. dxc5 e6 3. e4 Bxc5 4. Bd3 Nc6 5. Ne2 Nge7 6. 0-0 0-0 7. Bf4 Ng6 8. Bg3 Nge5 9. Nbc3 a6 10. Kh1 b5 11. f4 Nxd3 12. cxd3 Bb7 13. Rc1 Be3 14. Rb1 d5 15. e5 Nd4 16. Nxd4 Bxd4 17. Bf2 Bxf2 18. Rxf2 Qh4 19. Qf3 f6 20. d4 fxe5 21. dxe5 Qe7 22. Qd3 Rac8 23. a4 bxa4 24. Nxa4 Rc4 25. Qa3 Qxa3 26. bxa3 Rxa4 27. Rxb7 Raxf4 28. Rxf4 Rxf4 29. Kg1 Ra4 30. Re7 Rxa3 31. Rxe6 Ra1+ 32. Kf2 a5 33. Rd6 Kf7 34. Rxd5 Ke6 35. Rb5 g5 36. g4 a4 37. Ra5 a3 38. Ke3 a2 39. Kf2 Rh1 0-1

[Event "Coimbra Queima das Fitas op"]
[Site "Coimbra"]
[Date "2016.04.24"]
[Round "4"]
[White "Coimbra, Joao Marcial Ferrei"]
[Black "Santos, Antonio Miguel Oliv"]
[Result "0-1"]
[WhiteElo "1403"]
[BlackElo "1730"]
[PlyCount "88"]
[EventDate "2016.04.22"]
[EventType "swiss"]
[EventRounds "7"]
[EventCountry "POR"]
[SourceTitle "EXT 2018"]
[Source "ChessBase"]
[SourceDate "2017.10.13"]
[SourceVersion "1"]
[SourceVersionDate "2017.10.13"]
[SourceQuality "1"]

1. Nf3 Nf6 2. c3 g6 3. d4 Bg7 4. Nbd2 0-0 5. e3 d6 6. Be2 c5 7. Nb3 cxd4 8. Nfxd4 Nc6 9. Bf3 Bd7 10. Nxc6 Bxc6 11. Bxc6 bxc6 12. Nd4 c5 13. Nf3 Rb8 14. Qa4 Qc7 15. 0-0 Nd7 16. Rd1 Rfd8 17. h4 Nf6 18. Ng5 h6 19. Nh3 d5 20. Nf4 e5 21. Ne2 e4 22. Nf4 h5 23. Nh3 Ng4 24. g3 Be5 25. Kg2 Qb6 26. Nf4 Bxf4 27. gxf4 Qf6 28. Rh1 d4 29. Qxa7 d3 30. Bd2 Rxb2 31. Rad1 Qe6 32. Qa5 Rdb8 33. Qxc5 Rxa2 34. Qd4 Nf6 35. Rh3 Rbb2 36. Qc5 Rxd2 37. Rxd2 Rxd2 38. Rg3 Ng4 39. c4 Rxf2+ 40. Kg1 d2 41. Rxg4 Qxg4+ 42. Kxf2 Qf3+ 43. Kg1 d1R+ 44. Kh2 Rh1# 0-1

[Event "Coimbra Queima das Fitas op"]
[Site "Coimbra"]
[Date "2016.04.24"]
[Round "5"]
[White "Santos, Antonio Miguel Oliv"]
[Black "Fernandes, Miguel A Murtinho"]
[Result "0-1"]
[WhiteElo "1730"]
[BlackElo "1939"]
[PlyCount "68"]
[EventDate "2016.04.22"]
[EventType "swiss"]
[EventRounds "7"]
[EventCountry "POR"]
[SourceTitle "EXT 2018"]
[Source "ChessBase"]
[SourceDate "2017.10.13"]
[SourceVersion "1"]
[SourceVersionDate "2017.10.13"]
[SourceQuality "1"]

1. Nf3 f5 2. g3 Nf6 3. Bg2 e6 4. 0-0 Be7 5. d3 0-0 6. Nc3 d5 7. e4 c5 8. exf5 exf5 9. d4 Ne4 10. Nxe4 dxe4 11. Ne5 Qxd4 12. Qxd4 cxd4 13. Rd1 Bf6 14. Nc4 Nc6 15. Bf4 g5 16. Bd6 Rd8 17. f4 b5 18. Be5 Bxe5 19. Nxe5 Nxe5 20. fxe5 g4 21. Rd2 Be6 22. Rad1 Rac8 23. Rxd4 Rxd4 24. Rxd4 Rxc2 25. Rb4 Bc4 26. b3 a5 27. bxc4 axb4 28. cxb5 Rxa2 29. Bf1 Rc2 30. b6 Rc6 31. b7 Rb6 32. Ba6 b3 33. Bc4+ Kf8 34. Kf2 b2 0-1

[Event "Gaia Profigaia op 8th"]
[Site "Vila Nova de Gaia"]
[Date "2015.06.30"]
[Round "6"]
[White "Santos, Antonio Miguel Oliv"]
[Black "Boas Novas, Fernando"]
[Result "0-1"]
[WhiteElo "1718"]
[BlackElo "1896"]
[PlyCount "124"]
[EventDate "2015.06.27"]
[EventType "swiss"]
[EventRounds "9"]
[EventCountry "POR"]
[SourceTitle "EXT 2018"]
[Source "ChessBase"]
[SourceDate "2017.10.13"]
[SourceVersion "1"]
[SourceVersionDate "2017.10.13"]
[SourceQuality "1"]

1. Nf3 d5 2. g3 Nf6 3. Bg2 e6 4. 0-0 Be7 5. c4 0-0 6. d4 c6 7. b3 Nbd7 8. Bb2 Ne4 9. Nbd2 Ndf6 10. Nxe4 Nxe4 11. Nd2 Nxd2 12. Qxd2 Bf6 13. Rfd1 b6 14. Rac1 Bb7 15. e3 a5 16. a4 Qd7 17. c5 b5 18. axb5 cxb5 19. Ra1 b4 20. Rdc1 Bc6 21. Ra2 Bd8 22. Rca1 Bc7 23. Qe1 f5 24. f3 Rf7 25. Bc1 e5 26. f4 exd4 27. exd4 Re7 28. Re2 Rae8 29. Raa2 Bb5 30. Rxe7 Rxe7 31. Qf2 Bd3 32. Bf1 Bxf1 33. Kxf1 Qb5+ 34. Re2 Qd3 35. Ke1 Qc3+ 36. Kd1 Qxb3+ 37. Ke1 Qc3+ 38. Kd1 Rxe2 39. Qxe2 Qxd4+ 40. Bd2 Qa1+ 41. Bc1 Qd4+ 42. Bd2 Qg1+ 43. Kc2 Qxc5+ 44. Kd1 Bd6 45. Qe8+ Bf8 46. Qe6+ Kh8 47. Qxf5 a4 48. Be3 d4 49. Qxc5 Bxc5 50. Bd2 b3 51. Kc1 a3 52. Kb1 Kg8 53. Ka1 Kf7 54. Kb1 Ke6 55. g4 Kd5 56. f5 Ke4 57. h3 Kd3 58. Bc1 Ke2 59. g5 b2 60. Bf4 d3 61. f6 gxf6 62. gxf6 d2 0-1

[Event "Gaia Profigaia op 8th"]
[Site "Vila Nova de Gaia"]
[Date "2015.06.28"]
[Round "4"]
[White "Santos, Antonio Miguel Oliv"]
[Black "Pinto, Diogo Costa"]
[Result "1/2-1/2"]
[WhiteElo "1718"]
[BlackElo "1334"]
[PlyCount "101"]
[EventDate "2015.06.27"]
[EventType "swiss"]
[EventRounds "9"]
[EventCountry "POR"]
[SourceTitle "EXT 2018"]
[Source "ChessBase"]
[SourceDate "2017.10.13"]
[SourceVersion "1"]
[SourceVersionDate "2017.10.13"]
[SourceQuality "1"]

1. Nf3 Nf6 2. g3 g6 3. Bg2 Bg7 4. 0-0 0-0 5. c4 d6 6. d4 c5 7. Nc3 Nbd7 8. b3 a6 9. Bb2 Rb8 10. dxc5 Nxc5 11. Nd5 Nxd5 12. Bxg7 Kxg7 13. Qxd5 Be6 14. Qd4+ Kg8 15. Ng5 h6 16. Nxe6 Nxe6 17. Qe3 Kh7 18. h4 Qa5 19. Bd5 Nc7 20. Qxe7 Nxd5 21. cxd5 Qxd5 22. Rfd1 Rfe8 23. Rxd5 Rxe7 24. Rxd6 Rxe2 25. Rd7 Kg7 26. Rc1 b5 27. Rcc7 Rf8 28. a4 bxa4 29. bxa4 Re4 30. Rc6 Rxa4 31. Rdd6 a5 32. h5 Ra1+ 33. Kg2 gxh5 34. Rxh6 Re8 35. Ra6 Ra8 36. Rxa8 Kxh6 37. Rh8+ Kg6 38. Rg8+ Kh7 39. Rg5 Kh6 40. Rg8 a4 41. Ra8 a3 42. Ra7 a2 43. Ra6+ Kg7 44. Ra7 Kf6 45. Ra6+ Ke5 46. Ra5+ Kd4 47. Ra7 Kc5 48. Rc7+ Kb4 49. Rb7+ Ka5 50. Ra7+ Kb5 51. Ra8 1/2-1/2

[Event "Gaia Profigaia op 8th"]
[Site "Vila Nova de Gaia"]
[Date "2015.06.27"]
[Round "2"]
[White "Paunovic, Dragan"]
[Black "Santos, Antonio Miguel Oliv"]
[Result "1-0"]
[WhiteElo "2447"]
[BlackElo "1718"]
[PlyCount "99"]
[EventDate "2015.06.27"]
[EventType "swiss"]
[EventRounds "9"]
[EventCountry "POR"]
[SourceTitle "EXT 2018"]
[Source "ChessBase"]
[SourceDate "2017.10.13"]
[SourceVersion "1"]
[SourceVersionDate "2017.10.13"]
[SourceQuality "1"]

1. Nf3 Nf6 2. c4 c5 3. g3 g6 4. Bg2 Bg7 5. 0-0 0-0 6. d4 cxd4 7. Nxd4 Nc6 8. c5 Nxd4 9. Qxd4 d5 10. cxd6 Ne8 11. Qd3 Nxd6 12. Nc3 Be6 13. Nd5 Rc8 14. Rd1 Nc4 15. Rb1 Bf5 16. e4 Bg4 17. f3 Be6 18. b3 Bxd5 19. exd5 Qb6+ 20. Kh1 Ne5 21. Qe2 Qc5 22. Bg5 h6 23. Rbc1 Qa3 24. Be3 Rfd8 25. f4 Nd7 26. Qb5 Rxc1 27. Bxc1 Qa6 28. Qxa6 bxa6 29. Be3 Nb6 30. a4 e6 31. d6 Bc3 32. Bc5 Rc8 33. Bxb6 axb6 34. Bb7 Rd8 35. Bxa6 Bb4 36. d7 Kf8 37. Bb5 Ke7 38. Rc1 Bd2 39. Rc8 Bb4 40. Kg2 Bc5 41. a5 Rxd7 42. Bxd7 Kxd7 43. Ra8 bxa5 44. Rxa5 Kc6 45. Ra8 g5 46. Rc8+ Kd6 47. fxg5 hxg5 48. Rxc5 Kxc5 49. h4 gxh4 50. gxh4 1-0

[Event "Matosinhos Honra"]
[Site "Matosinhos"]
[Date "2015.06.13"]
[Round "9"]
[White "Santos, Antonio Miguel Oliv"]
[Black "Sousa, Hugo Carneiro"]
[Result "0-1"]
[WhiteElo "1718"]
[BlackElo "1866"]
[PlyCount "118"]
[EventDate "2015.06.07"]
[EventType "tourn"]
[EventRounds "9"]
[EventCountry "POR"]
[SourceTitle "EXT 2018"]
[Source "ChessBase"]
[SourceDate "2017.10.13"]
[SourceVersion "1"]
[SourceVersionDate "2017.10.13"]
[SourceQuality "1"]

1. Nf3 e6 2. g3 f5 3. Bg2 Nf6 4. 0-0 d5 5. d3 Bd6 6. c4 0-0 7. Nc3 dxc4 8. dxc4 Nc6 9. Nb5 e5 10. Ng5 Kh8 11. c5 Be7 12. Qb3 a6 13. Rd1 Bd7 14. Nc3 Nd4 15. Qxb7 Rb8 16. Qxa6 Bb5 17. Qa7 Nxe2+ 18. Kh1 Qc8 19. Nxb5 Rxb5 20. Bf1 Bxc5 21. Qa4 Qb7+ 22. Bg2 Qb6 23. Qc4 Ng4 24. Be3 h6 25. Qxe2 Bxe3 26. fxe3 Rxb2 27. Rd2 Rxd2 28. Qxd2 hxg5 29. Re1 e4 30. h3 Ne5 31. Rf1 Nc4 32. Qe2 Nxe3 33. Qh5+ Qh6 34. Qxh6+ gxh6 35. Rc1 Nxg2 36. Kxg2 Ra8 37. Rc2 c5 38. Kf2 Kg7 39. Rxc5 Rxa2+ 40. Ke3 Ra3+ 41. Kf2 Ra6 42. Ke3 Kf6 43. Rc3 Rd6 44. Rc5 Ke6 45. Ra5 Rd5 46. Ra6+ Rd6 47. Ra5 h5 48. Rb5 h4 49. gxh4 Rd3+ 50. Ke2 gxh4 51. Rb6+ Ke5 52. Rb5+ Kf4 53. Kf1 Rxh3 54. Kg2 Rd3 55. Rb2 Kg4 56. Kh2 e3 57. Rg2+ Kf4 58. Kg1 Rd1+ 59. Kh2 Rd2 0-1

[Event "Matosinhos Honra"]
[Site "Matosinhos"]
[Date "2015.06.09"]
[Round "4"]
[White "Leao, Luis"]
[Black "Santos, Antonio Miguel Oliv"]
[Result "1-0"]
[WhiteElo "1895"]
[BlackElo "1718"]
[PlyCount "67"]
[EventDate "2015.06.07"]
[EventType "tourn"]
[EventRounds "9"]
[EventCountry "POR"]
[SourceTitle "EXT 2018"]
[Source "ChessBase"]
[SourceDate "2017.10.13"]
[SourceVersion "1"]
[SourceVersionDate "2017.10.13"]
[SourceQuality "1"]

1. d4 c5 2. d5 Nf6 3. c4 g6 4. Nc3 Bg7 5. e4 d6 6. Nge2 0-0 7. Ng3 e6 8. Be2 exd5 9. cxd5 Na6 10. 0-0 Nc7 11. Bg5 h6 12. Be3 a6 13. a4 Rb8 14. Qd2 Kh7 15. Rab1 b5 16. axb5 axb5 17. b4 c4 18. Bd4 Bd7 19. Ra1 Ra8 20. Qb2 Qe7 21. f4 Nh5 22. Bxg7 Nxg7 23. Bf3 Rfd8 24. Qd2 Na6 25. Nce2 Be8 26. Nd4 Rdc8 27. Qc3 Qa7 28. Kh1 Qb6 29. Rfd1 Kh8 30. e5 Kh7 31. Ne4 dxe5 32. fxe5 Ra7 33. Nf6+ Kh8 34. Qe3 1-0

[Event "POR CupT 1/8f-1/4f"]
[Site "Madeira, Torres Novas"]
[Date "2015.05.24"]
[Round "4.3"]
[White "Santos, Antonio Miguel Oliv"]
[Black "Neves, Pedro Alexandre Mai"]
[Result "0-1"]
[WhiteElo "1711"]
[BlackElo "2184"]
[PlyCount "84"]
[EventDate "2015.05.23"]
[EventType "team-k.o."]
[EventRounds "6"]
[EventCountry "POR"]
[SourceTitle "EXT 2018"]
[Source "ChessBase"]
[SourceDate "2017.10.13"]
[SourceVersion "1"]
[SourceVersionDate "2017.10.13"]
[SourceQuality "1"]
[WhiteTeam "Clube dos Galitos II"]
[BlackTeam "Montemor o Velho"]
[WhiteTeamCountry "POR"]
[BlackTeamCountry "POR"]

1. Nf3 Nf6 2. g3 c5 3. Bg2 Nc6 4. 0-0 d5 5. c4 d4 6. d3 Bg4 7. Na3 e5 8. Nc2 Be7 9. e3 0-0 10. exd4 exd4 11. a3 a5 12. Rb1 Qd7 13. b4 cxb4 14. axb4 Nxb4 15. Ncxd4 Rad8 16. Be3 Bc5 17. Ne6 Qxe6 18. Bxc5 Rxd3 19. Qa4 Rc8 20. Bxb4 Bxf3 21. Qxa5 Bxg2 22. Kxg2 Qxc4 23. Rbc1 Qe4+ 24. Kg1 Rxc1 25. Rxc1 h5 26. Qa8+ Kh7 27. Qf8 h4 28. Bc3 h3 29. Kf1 Qc4 30. Bd2 Rc3+ 31. Ke1 Rxc1+ 32. Bxc1 Qxc1+ 33. Ke2 Qc4+ 34. Ke1 Qc1+ 35. Ke2 Qc2+ 36. Ke1 Ne4 37. Qd8 Qxf2+ 38. Kd1 Qg1+ 39. Kc2 Qxh2+ 40. Kc1 Qxg3 41. Qd5 Qg5+ 42. Qxg5 Nxg5 0-1

[Event "Coimbra Queima das Fitas op"]
[Site "Coimbra"]
[Date "2015.05.01"]
[Round "3"]
[White "Bernardo, Daniel Madureira"]
[Black "Santos, Antonio Miguel Oliv"]
[Result "1/2-1/2"]
[WhiteElo "1886"]
[BlackElo "1730"]
[PlyCount "138"]
[EventDate "2015.04.30"]
[EventType "swiss"]
[EventRounds "7"]
[EventCountry "POR"]
[SourceTitle "EXT 2018"]
[Source "ChessBase"]
[SourceDate "2017.10.13"]
[SourceVersion "1"]
[SourceVersionDate "2017.10.13"]
[SourceQuality "1"]

1. b3 Nf6 2. Bb2 g6 3. g3 Bg7 4. Bg2 0-0 5. Nf3 c5 6. 0-0 Nc6 7. d4 cxd4 8. Nxd4 d5 9. Nd2 Nxd4 10. Bxd4 Be6 11. Nf3 h6 12. Rc1 Qa5 13. Nd2 Rfd8 14. c3 Rac8 15. b4 Qc7 16. a4 b6 17. Ra1 Qd7 18. a5 Ne4 19. Nxe4 Bxd4 20. Qxd4 dxe4 21. Qe3 Qd2 22. Qxe4 Qxc3 23. axb6 axb6 24. Bf3 Qc4 25. Qb7 Qxb4 26. Rab1 Qc5 27. Rxb6 Bh3 28. Bg2 Bxg2 29. Kxg2 Rc7 30. Qa6 Qd5+ 31. Kg1 Ra8 32. Qb5 Qxb5 33. Rxb5 Ra2 34. e3 Rcc2 35. h4 h5 36. Rb8+ Kg7 37. Rb7 e6 38. Rb4 Rab2 39. Rxb2 Rxb2 40. Kg2 Kf6 41. Kf3 Rb4 42. Re1 Ke5 43. Ra1 Kf6 44. Ra5 Rc4 45. Ra2 Rb4 46. Ke2 g5 47. hxg5+ Kxg5 48. Kf3 h4 49. Ra5+ f5 50. gxh4+ Rxh4 51. Kg3 Rb4 52. Ra6 Kf6 53. Rd6 Ke5 54. Rc6 Kf6 55. Rc8 Rg4+ 56. Kf3 Rb4 57. Rc2 Rg4 58. Ke2 Re4 59. Rc3 f4 60. Kf3 Kf5 61. Rc5+ e5 62. Rc8 fxe3 63. Rf8+ Ke6 64. fxe3 Ra4 65. Rb8 Kd5 66. e4+ Ke6 67. Rb7 Rd4 68. Rb6+ Rd6 69. Rxd6+ Kxd6 1/2-1/2

[Event "Madeira AEJ op 11th"]
[Site "Sao Joao da Madeira"]
[Date "2014.10.11"]
[Round "5"]
[White "Fernandes, Tiago Saraiva"]
[Black "Santos, Antonio Miguel Oliv"]
[Result "0-1"]
[WhiteElo "1653"]
[BlackElo "1502"]
[PlyCount "70"]
[EventDate "2014.10.04"]
[EventType "swiss"]
[EventRounds "7"]
[EventCountry "POR"]
[SourceTitle "EXT 2018"]
[Source "ChessBase"]
[SourceDate "2017.10.13"]
[SourceVersion "1"]
[SourceVersionDate "2017.10.13"]
[SourceQuality "1"]

1. e4 c5 2. Nf3 g6 3. d4 cxd4 4. Qxd4 Nf6 5. e5 Nc6 6. Qa4 Nd5 7. Qe4 Ndb4 8. Nc3 d5 9. exd6 Bf5 10. dxe7 Bxe7 11. Qc4 Nxc2+ 12. Ke2 Nxa1 13. Bh6 Nc2 14. Ne4 N2d4+ 15. Nxd4 Qxd4 16. Qxd4 Nxd4+ 17. Ke3 Nc2+ 18. Kf4 Bxe4 19. Kxe4 0-0-0 20. Bg7 Rhe8 21. Kf3 f6 22. Bc4 Kb8 23. Bh6 Nd4+ 24. Kg4 Nf5 25. Bf4+ Bd6 26. Bxd6+ Rxd6 27. Bb5 h5+ 28. Kh3 Re5 29. a4 g5 30. g3 Rd2 31. Kg2 g4 32. Rc1 Ne3+ 33. Kg1 Rd1+ 34. Rxd1 Nxd1 35. b3 Rxb5 0-1

[Event "Madeira AEJ op 11th"]
[Site "Sao Joao da Madeira"]
[Date "2014.10.05"]
[Round "2"]
[White "Pedroso, Manuel"]
[Black "Santos, Antonio Miguel Oliv"]
[Result "0-1"]
[WhiteElo "1357"]
[BlackElo "1502"]
[PlyCount "98"]
[EventDate "2014.10.04"]
[EventType "swiss"]
[EventRounds "7"]
[EventCountry "POR"]
[SourceTitle "EXT 2018"]
[Source "ChessBase"]
[SourceDate "2017.10.13"]
[SourceVersion "1"]
[SourceVersionDate "2017.10.13"]
[SourceQuality "1"]

1. d4 c5 2. dxc5 e6 3. c4 Bxc5 4. Nc3 Nf6 5. Nf3 0-0 6. Bg5 h6 7. Bh4 b6 8. e3 Bb7 9. Be2 Be7 10. 0-0 d5 11. cxd5 Nxd5 12. Bxe7 Qxe7 13. Nxd5 Bxd5 14. Nd4 Nc6 15. Nxc6 Bxc6 16. Qb3 Rfd8 17. Rfd1 Qg5 18. Bf1 Rac8 19. Rac1 Rxd1 20. Rxd1 Bf3 21. Re1 Be4 22. Qa4 Qa5 23. Qxa5 bxa5 24. f3 Bd5 25. a3 Rc2 26. Re2 Rc1 27. Rd2 Bc4 28. Rd8+ Kh7 29. Kf2 Rxf1+ 30. Kg3 Kg6 31. Rd4 Bb3 32. Rd7 a4 33. Rxa7 Rb1 34. h4 h5 35. Ra5 f6 36. Ra6 Rxb2 37. f4 Ra2 38. Kf3 Bd5+ 39. e4 Rxa3+ 40. Kf2 Bxe4 41. Rxe6 Bf5 42. Ra6 Ra1 43. Ke3 a3 44. Kd2 a2 45. Kc3 Rc1+ 46. Kb2 a1Q+ 47. Rxa1 Rxa1 48. Kxa1 Be4 49. g3 Kf5 0-1